Music Quiz

Random Music Quiz

Name of DJMAX Songs Quiz Stats

 Plays Quiz not verified by Sporcle

Challenge
Share
Tweet
Embed
Score 0/50 Timer 05:00
0 Plays Today
Hint Song name % Correct
SueeI Want You
83.7%
BaseballMelody
74%
DrugsD2
72.1%
Gothic lolitaOblivion
70.2%
NB Ranger cosplayDark Envy
63.5%
MATOOMColor
61.5%
Only ROD song in TNKRage of Demon
60.6%
LinNow a NEW Day
55.8%
WaterForever
54.8%
SpaghettiFunky People
53.8%
HeroineBlack Swan
53.8%
NM, then EXIn My Dream
52.9%
TAN TAN TANThe Guilty
51%
VampireSIN
50%
India HiphopThe Last Dance
50%
F*CK C'MONBamboo on Bamboo
49%
PokeballSigNalize
48.1%
God has BOOBSThor
46.2%
BJNB approvedIn My Heart
46.2%
Ladies' toiletWatch Your Step
46.2%
AirinCosmic Fantastic Lovesong
46.2%
AztecsSon of Sun
44.2%
Kira kira...Over the Rainbow
44.2%
E suaiBEE-U-TIFUL
44.2%
CountdownSupernova
42.3%
Hint Song name % Correct
Heart planetSweet Dream
42.3%
Domo in UFO??Dear my Lady
42.3%
DollBlythe
40.4%
Kill BanDivine Service
39.4%
Flying shipEternal Memory
39.4%
YaoiCreator
39.4%
Funky boxSuperSonic (Mr.Funky Remix)
37.5%
Where is my running Chinese girl!?Space of Soul
36.5%
Hell DoorCypher Gate
36.5%
MedusaFlea
35.6%
YellowKung-Fu Rider
34.6%
Sexy DanaGet Down
34.6%
She got watermelonsYou & Me
29.8%
I love this D*mn cityIn the Tdot
29.8%
MeganeSecret World
29.8%
1, 3, then 9 !!??Season (Warm Mix)
28.8%
Gay barHanz Up!
27.9%
XiaGhost
23.1%
Lee Jung AhBreak!
22.1%
FeetRockSTAR
22.1%
Tweedie ModeLadymade Star
21.2%
RyunHere in the Moment
18.3%
Noodle chopArea 7
17.3%
Opera + GuitarGone Astray
17.3%
No shaking butts!?Mister
15.4%

You're not logged in!

Compare scores with friends on all Sporcle quizzes.
Join for Free
OR
Log In

You Might Also Like...

Show Comments

Extras

Created Sep 22, 2012ReportFavoriteNominate
Tags:Arcade Games

Top Quizzes Today


Score Distribution

Your Account Isn't Verified!

In order to create a playlist on Sporcle, you need to verify the email address you used during registration. Go to your Sporcle Settings to finish the process.

Report this User

Report this user for behavior that violates our Community Guidelines.

Details: